[Event "Campeonato de España Rapid 2017"]
[Site "Linares"]
[Date "2017.08.13"]
[Round "5"]
[White "Granda Zuniga, Julio E"]
[Black "Iglesias Leon, Francisco J."]
[Result "1-0"]
[Board "26"]
[WhiteTitle "GM"]
[WhiteElo "2644"]
[WhiteCountry "PER"]
[WhiteFideId "3800024"]
[WhiteEloChange "1"]
[BlackElo "2256"]
[BlackCountry "ESP"]
[BlackFideId "2212544"]
[BlackEloChange "-2"]

1. c4 {[%clk 0:15:08]} Nf6 {[%clk 0:15:09]} 2. Nc3 {[%clk 0:15:11]} g6 {[%clk
0:15:12]} 3. e4 {[%clk 0:15:14]} d6 {[%clk 0:15:15]} 4. d4 {[%clk 0:15:18]} Bg7
{[%clk 0:15:17]} 5. f3 {[%clk 0:15:21]} e5 {[%clk 0:15:08]} 6. dxe5 {[%clk
0:15:07]} dxe5 {[%clk 0:15:11]} 7. Qxd8+ {[%clk 0:15:10]} Kxd8 {[%clk 0:15:13]}
8. Be3 {[%clk 0:15:13]} Be6 {[%clk 0:14:58]} 9. O-O-O+ {[%clk 0:15:00]} Nbd7
{[%clk 0:14:50]} 10. g4 {[%clk 0:15:03]} h5 {[%clk 0:14:32]} 11. g5 {[%clk
0:15:06]} Ne8 {[%clk 0:14:35]} 12. b3 {[%clk 0:14:49]} c6 {[%clk 0:14:17]} 13.
Nge2 {[%clk 0:14:42]} Kc7 {[%clk 0:14:15]} 14. Kc2 {[%clk 0:14:50]} b6 {[%clk
0:14:17]} 15. h3 {[%clk 0:14:30]} Nd6 {[%clk 0:13:24]} 16. Bg2 {[%clk 0:14:15]}
b5 {[%clk 0:13:06]} 17. cxb5 {[%clk 0:14:00]} Nxb5 {[%clk 0:13:08]} 18. Na4
{[%clk 0:13:54]} Rhd8 {[%clk 0:12:56]} 19. Rhf1 {[%clk 0:13:41]} Nb6 {[%clk
0:12:27]} 20. Nc5 {[%clk 0:13:44]} Rxd1 {[%clk 0:12:24]} 21. Rxd1 {[%clk
0:13:37]} Rd8 {[%clk 0:12:18]} 22. Nxe6+ {[%clk 0:13:18]} fxe6 {[%clk 0:12:21]}
23. Rxd8 {[%clk 0:13:21]} Kxd8 {[%clk 0:12:26]} 24. a4 {[%clk 0:13:08]} Nd4+
{[%clk 0:12:03]} 25. Bxd4 {[%clk 0:12:55]} exd4 {[%clk 0:12:05]} 26. Nf4 {[%clk
0:12:58]} Be5 {[%clk 0:11:43]} 27. Nxg6 {[%clk 0:11:43]} Bg3 {[%clk 0:11:45]} 28.
f4 {[%clk 0:11:47]} Nd7 {[%clk 0:11:48]} 29. e5 {[%clk 0:10:27]} c5 {[%clk
0:11:35]} 30. Bc6 {[%clk 0:09:54]} Nb6 {[%clk 0:11:19]} 31. a5 {[%clk 0:09:32]}
Nd5 {[%clk 0:10:44]} 32. Bxd5 {[%clk 0:09:22]} exd5 {[%clk 0:10:48]} 33. Kd3
{[%clk 0:09:25]} Ke8 {[%clk 0:10:36]} 34. e6 {[%clk 0:09:27]} a6 {[%clk 0:10:32]}
35. f5 {[%clk 0:09:26]} 1-0

[Event "Campeonato de España Rapid 2017"]
[Site "Linares"]
[Date "2017.08.13"]
[Round "5"]
[White "Alonso Rosell, Alvar"]
[Black "Garcia Molina, Francisco Miguel"]
[Result "1-0"]
[Board "28"]
[WhiteTitle "GM"]
[WhiteElo "2560"]
[WhiteCountry "ESP"]
[WhiteFideId "2270544"]
[WhiteEloChange "1"]
[BlackElo "2205"]
[BlackCountry "ESP"]
[BlackFideId "2278219"]
[BlackEloChange "-2"]

1. d4 {[%clk 0:15:05]} Nf6 {[%clk 0:15:05]} 2. c4 {[%clk 0:15:05]} e6 {[%clk
0:15:05]} 3. g3 {[%clk 0:15:05]} b6 {[%clk 0:15:05]} 4. Bg2 {[%clk 0:15:05]} d5
{[%clk 0:15:05]} 5. cxd5 {[%clk 0:15:05]} exd5 {[%clk 0:14:21]} 6. Nf3 {[%clk
0:15:05]} Bd6 {[%clk 0:14:01]} 7. O-O {[%clk 0:14:58]} Bb7 {[%clk 0:13:32]} 8.
Nc3 {[%clk 0:14:51]} a6 {[%clk 0:13:14]} 9. Nh4 {[%clk 0:14:51]} O-O {[%clk
0:12:11]} 10. Nf5 {[%clk 0:14:51]} c6 {[%clk 0:08:41]} 11. Nxd6 {[%clk 0:14:44]}
Qxd6 {[%clk 0:08:41]} 12. Bf4 {[%clk 0:14:37]} Qe7 {[%clk 0:08:33]} 13. Re1
{[%clk 0:14:20]} Nbd7 {[%clk 0:07:42]} 14. e4 {[%clk 0:13:51]} dxe4 {[%clk
0:07:13]} 15. Nxe4 {[%clk 0:13:51]} Nxe4 {[%clk 0:06:44]} 16. Bxe4 {[%clk
0:13:33]} Qf6 {[%clk 0:06:26]} 17. Qg4 {[%clk 0:11:44]} Bc8 {[%clk 0:04:50]} 18.
Bg5 {[%clk 0:11:26]} Qd6 {[%clk 0:03:37]} 19. Qh4 {[%clk 0:10:10]} f5 {[%clk
0:01:48]} 20. Be7 {[%clk 0:10:03]} Qg6 {[%clk 0:01:42]} 21. Bf3 {[%clk 0:09:45]}
Bb7 {[%clk 0:00:14]} 22. Bxf8 {[%clk 0:09:39]} Nxf8 {[%clk 0:00:08]} 23. Re7
{[%clk 0:09:39]} Rb8 {[%clk 0:00:01]} 24. Qf4 {[%clk 0:09:21]} Qf6 25. Rae1
{[%clk 0:09:21]} 1-0

[Event "Campeonato de España Rapid 2017"]
[Site "Linares"]
[Date "2017.08.13"]
[Round "5"]
[White "Lopez Mulet, Inigo"]
[Black "Ortega Ruiz, Jose Miguel"]
[Result "1-0"]
[Board "30"]
[WhiteTitle "FM"]
[WhiteElo "2186"]
[WhiteCountry "ESP"]
[WhiteFideId "22235620"]
[WhiteEloChange "16"]
[BlackTitle "FM"]
[BlackElo "2447"]
[BlackCountry "ESP"]
[BlackFideId "2209713"]
[BlackEloChange "-8"]

1. d4 {[%clk 0:15:08]} Nf6 {[%clk 0:15:09]} 2. c4 {[%clk 0:15:12]} e6 {[%clk
0:15:13]} 3. g3 {[%clk 0:15:16]} c5 {[%clk 0:15:14]} 4. d5 {[%clk 0:15:14]} exd5
{[%clk 0:15:17]} 5. cxd5 {[%clk 0:15:17]} b5 {[%clk 0:15:08]} 6. Bg2 {[%clk
0:14:24]} d6 {[%clk 0:15:08]} 7. e4 {[%clk 0:14:18]} Nbd7 {[%clk 0:14:40]} 8. Ne2
{[%clk 0:14:15]} g6 {[%clk 0:14:30]} 9. O-O {[%clk 0:14:18]} Bg7 {[%clk 0:14:31]}
10. Nd2 {[%clk 0:13:53]} O-O {[%clk 0:13:53]} 11. a4 {[%clk 0:13:56]} b4 {[%clk
0:13:57]} 12. Nc4 {[%clk 0:13:51]} Nb6 {[%clk 0:14:01]} 13. Na5 {[%clk 0:13:36]}
Ba6 {[%clk 0:13:17]} 14. Re1 {[%clk 0:13:28]} Re8 {[%clk 0:13:20]} 15. Qc2 {[%clk
0:12:27]} Nfd7 {[%clk 0:10:39]} 16. Nc6 {[%clk 0:11:45]} Qc7 {[%clk 0:10:16]} 17.
Nxb4 {[%clk 0:11:04]} Bxe2 {[%clk 0:09:33]} 18. Rxe2 {[%clk 0:11:07]} Ne5 {[%clk
0:09:36]} 19. Nd3 {[%clk 0:10:32]} Nxd3 {[%clk 0:09:24]} 20. Qxd3 {[%clk
0:10:36]} c4 {[%clk 0:09:28]} 21. Qc2 {[%clk 0:10:37]} Nd7 {[%clk 0:09:03]} 22.
Bd2 {[%clk 0:10:41]} Ne5 {[%clk 0:08:54]} 23. Bc3 {[%clk 0:10:42]} Rec8 {[%clk
0:08:39]} 24. Re3 {[%clk 0:10:09]} Rab8 {[%clk 0:08:42]} 25. Bf1 {[%clk 0:08:53]}
Qb6 {[%clk 0:08:35]} 26. a5 {[%clk 0:08:46]} Qc5 {[%clk 0:08:39]} 27. Kg2 {[%clk
0:08:28]} h5 {[%clk 0:06:22]} 28. Ra4 {[%clk 0:08:29]} Ng4 {[%clk 0:05:14]} 29.
Rf3 {[%clk 0:08:12]} Bxc3 {[%clk 0:04:47]} 30. Rxc3 {[%clk 0:08:06]} Qd4 {[%clk
0:03:34]} 31. Bxc4 {[%clk 0:05:34]} h4 {[%clk 0:02:23]} 32. h3 {[%clk 0:04:01]}
Nf6 {[%clk 0:01:06]} 33. Be2 {[%clk 0:02:06]} Rxc3 {[%clk 0:01:09]} 34. bxc3
{[%clk 0:02:10]} Qe5 {[%clk 0:01:05]} 35. Rc4 {[%clk 0:02:11]} hxg3 {[%clk
0:01:08]} 36. fxg3 {[%clk 0:02:14]} Kg7 {[%clk 0:00:56]} 37. Bf3 {[%clk 0:02:06]}
Rb5 {[%clk 0:00:58]} 38. a6 {[%clk 0:01:09]} Ra5 {[%clk 0:01:01]} 39. Rc6 {[%clk
0:01:10]} Ra1 {[%clk 0:01:05]} 40. h4 {[%clk 0:00:54]} Nd7 {[%clk 0:01:02]} 41.
Rc7 {[%clk 0:00:44]} Nc5 {[%clk 0:01:04]} 42. Rxa7 {[%clk 0:00:48]} Nxa6 {[%clk
0:01:02]} 43. Qe2 {[%clk 0:00:36]} Qxc3 {[%clk 0:00:39]} 44. Rxa6 {[%clk
0:00:40]} Re1 {[%clk 0:00:39]} 45. Qf2 {[%clk 0:00:39]} Rb1 {[%clk 0:00:27]} 46.
Ra2 {[%clk 0:00:40]} Qc1 {[%clk 0:00:20]} 47. Kh2 {[%clk 0:00:39]} g5 {[%clk
0:00:31]} 48. Rc2 {[%clk 0:00:36]} Qa3 {[%clk 0:00:32]} 49. hxg5 {[%clk 0:00:29]}
Qa8 {[%clk 0:00:33]} 50. Bh5 {[%clk 0:00:22]} Qe8 {[%clk 0:00:10]} 51. Qf6+
{[%clk 0:00:30]} Kg8 {[%clk 0:00:15]} 52. Bxf7+ {[%clk 0:00:33]} Qxf7 {[%clk
0:00:18]} 53. Rc8+ {[%clk 0:00:37]} 1-0

[Event "Campeonato de España Rapid 2017"]
[Site "Linares"]
[Date "2017.08.13"]
[Round "5"]
[White "Gonzalez Diez, Ruben"]
[Black "Bressac, Stephane"]
[Result "1-0"]
[Board "31"]
[WhiteElo "2085"]
[WhiteCountry "ESP"]
[WhiteFideId "2251213"]
[WhiteEloChange "16"]
[BlackTitle "FM"]
[BlackElo "2337"]
[BlackCountry "FRA"]
[BlackFideId "655945"]
[BlackEloChange "-16"]

1. e3 {[%clk 0:15:05]} c5 {[%clk 0:15:05]} 2. f4 {[%clk 0:15:05]} g6 {[%clk
0:15:05]} 3. Nf3 {[%clk 0:15:05]} Bg7 {[%clk 0:15:05]} 4. Be2 {[%clk 0:15:05]}
Nc6 {[%clk 0:15:05]} 5. O-O {[%clk 0:15:05]} Nf6 {[%clk 0:15:05]} 6. d3 {[%clk
0:15:05]} O-O {[%clk 0:14:57]} 7. Qe1 {[%clk 0:15:05]} d5 {[%clk 0:14:26]} 8. Nc3
{[%clk 0:14:45]} d4 {[%clk 0:14:08]} 9. Nd1 {[%clk 0:14:45]} dxe3 {[%clk
0:13:39]} 10. Nxe3 {[%clk 0:14:45]} Nd5 {[%clk 0:13:39]} 11. Nc4 {[%clk 0:14:45]}
Bg4 {[%clk 0:13:21]} 12. Kh1 {[%clk 0:14:04]} Rc8 {[%clk 0:12:29]} 13. a4 {[%clk
0:14:04]} Bxf3 {[%clk 0:12:09]} 14. Bxf3 {[%clk 0:13:58]} Nd4 {[%clk 0:12:09]}
15. Bd1 {[%clk 0:13:58]} b6 {[%clk 0:12:02]} 16. Qf2 {[%clk 0:13:39]} e6 {[%clk
0:11:44]} 17. Bd2 {[%clk 0:12:31]} a6 {[%clk 0:11:36]} 18. c3 {[%clk 0:11:48]}
Nc6 {[%clk 0:11:30]} 19. Bc2 {[%clk 0:11:42]} Nde7 {[%clk 0:11:24]} 20. Rae1
{[%clk 0:11:13]} b5 {[%clk 0:11:18]} 21. axb5 {[%clk 0:11:13]} axb5 {[%clk
0:11:18]} 22. Ne5 {[%clk 0:10:55]} b4 {[%clk 0:11:11]} 23. Be3 {[%clk 0:09:29]}
bxc3 {[%clk 0:11:05]} 24. bxc3 {[%clk 0:09:29]} Nxe5 {[%clk 0:11:05]} 25. fxe5
{[%clk 0:09:23]} Bxe5 {[%clk 0:10:59]} 26. Bxc5 {[%clk 0:08:44]} Bxc3 {[%clk
0:10:59]} 27. Re4 {[%clk 0:08:37]} Bg7 {[%clk 0:10:51]} 28. Rf4 {[%clk 0:08:08]}
Qc7 {[%clk 0:07:22]} 29. d4 {[%clk 0:07:14]} f5 {[%clk 0:06:42]} 30. Bb3 {[%clk
0:07:08]} Rf6 {[%clk 0:06:13]} 31. Re1 {[%clk 0:06:27]} Qd7 {[%clk 0:06:06]} 32.
Qa2 {[%clk 0:05:47]} Kf7 {[%clk 0:04:26]} 33. Rf2 {[%clk 0:05:41]} Rd8 {[%clk
0:03:44]} 34. Rfe2 {[%clk 0:04:37]} Nd5 {[%clk 0:03:38]} 35. Re5 {[%clk 0:04:31]}
g5 {[%clk 0:03:31]} 36. Bxd5 {[%clk 0:04:24]} Qxd5 {[%clk 0:03:01]} 37. Rxd5
{[%clk 0:04:24]} Rxd5 {[%clk 0:03:01]} 38. Qa7+ {[%clk 0:04:18]} Kg8 {[%clk
0:02:55]} 39. Qe7 {[%clk 0:03:37]} 1-0

[Event "Campeonato de España Rapid 2017"]
[Site "Linares"]
[Date "2017.08.13"]
[Round "5"]
[White "Centron Antuna, Daniel"]
[Black "Sos Andreu, Eric"]
[Result "1-0"]
[Board "32"]
[WhiteElo "2062"]
[WhiteCountry "ESP"]
[WhiteFideId "22288694"]
[WhiteEloChange "16"]
[BlackTitle "IM"]
[BlackElo "2310"]
[BlackCountry "ESP"]
[BlackFideId "22247017"]
[BlackEloChange "-16"]

1. Nf3 {[%clk 0:15:05]} c5 {[%clk 0:15:05]} 2. g3 {[%clk 0:14:48]} Nc6 {[%clk
0:15:05]} 3. Bg2 {[%clk 0:14:48]} g6 {[%clk 0:15:05]} 4. O-O {[%clk 0:14:48]} Bg7
{[%clk 0:15:06]} 5. c3 {[%clk 0:14:42]} e5 {[%clk 0:15:06]} 6. d3 {[%clk
0:14:42]} Nge7 {[%clk 0:14:58]} 7. Nbd2 {[%clk 0:14:42]} O-O {[%clk 0:14:51]} 8.
e4 {[%clk 0:14:42]} d5 {[%clk 0:14:51]} 9. exd5 {[%clk 0:14:35]} Nxd5 {[%clk
0:14:51]} 10. Nc4 {[%clk 0:13:44]} Re8 {[%clk 0:14:51]} 11. Re1 {[%clk 0:13:37]}
h6 {[%clk 0:14:51]} 12. Ne3 {[%clk 0:13:31]} Nc7 {[%clk 0:14:51]} 13. Qc2 {[%clk
0:13:13]} Be6 {[%clk 0:14:33]} 14. Nc4 {[%clk 0:12:55]} Bf5 {[%clk 0:14:33]} 15.
Rd1 {[%clk 0:11:49]} Qd7 {[%clk 0:14:26]} 16. Be3 {[%clk 0:11:43]} b6 {[%clk
0:14:26]} 17. Qd2 {[%clk 0:11:24]} Kh7 {[%clk 0:14:19]} 18. Nh4 {[%clk 0:11:14]}
Bg4 {[%clk 0:14:14]} 19. f3 {[%clk 0:10:54]} Be6 {[%clk 0:14:14]} 20. f4 {[%clk
0:10:36]} exf4 {[%clk 0:14:06]} 21. Bxf4 {[%clk 0:10:36]} Nd5 {[%clk 0:13:47]}
22. Nf3 {[%clk 0:09:45]} Nxf4 {[%clk 0:13:41]} 23. Qxf4 {[%clk 0:09:45]} Rad8
{[%clk 0:13:34]} 24. Ne3 {[%clk 0:08:42]} b5 {[%clk 0:12:09]} 25. a3 {[%clk
0:07:05]} Bb3 {[%clk 0:11:29]} 26. Rd2 {[%clk 0:06:25]} g5 {[%clk 0:11:29]} 27.
Qf5+ {[%clk 0:06:18]} Kg8 {[%clk 0:11:11]} 28. Qxd7 {[%clk 0:06:01]} Rxd7 {[%clk
0:11:11]} 29. Nf5 {[%clk 0:06:01]} Re6 {[%clk 0:10:31]} 30. Nxg7 {[%clk 0:06:01]}
Kxg7 {[%clk 0:10:31]} 31. Bh3 {[%clk 0:05:54]} Na5 {[%clk 0:10:13]} 32. Rf1
{[%clk 0:05:25]} Red6 {[%clk 0:09:53]} 33. Bxd7 {[%clk 0:05:25]} Rxd7 {[%clk
0:09:53]} 34. Ne5 {[%clk 0:05:09]} Re7 {[%clk 0:09:53]} 35. d4 {[%clk 0:05:02]}
cxd4 {[%clk 0:09:47]} 36. cxd4 {[%clk 0:05:02]} Bd5 {[%clk 0:09:40]} 37. Rdf2
{[%clk 0:04:55]} Nb3 {[%clk 0:09:23]} 38. Rd1 {[%clk 0:04:49]} f6 {[%clk
0:09:23]} 39. Ng4 {[%clk 0:04:08]} Re6 {[%clk 0:09:23]} 40. Rdf1 {[%clk 0:04:02]}
Nxd4 {[%clk 0:08:54]} 41. Rxf6 {[%clk 0:04:02]} Ne2+ {[%clk 0:08:54]} 42. Kf2
{[%clk 0:03:55]} Re4 {[%clk 0:08:54]} 43. Rd6 {[%clk 0:03:36]} Bc4 {[%clk
0:08:54]} 44. Ne3 {[%clk 0:03:30]} Nd4 {[%clk 0:08:24]} 45. Rxd4 {[%clk 0:03:30]}
Rxd4 {[%clk 0:08:05]} 46. Nf5+ {[%clk 0:03:30]} Kf6 {[%clk 0:08:05]} 47. Nxd4
{[%clk 0:03:24]} Bxf1 {[%clk 0:08:05]} 48. Kxf1 {[%clk 0:03:24]} a6 {[%clk
0:08:05]} 49. Nc6 {[%clk 0:03:24]} Ke6 {[%clk 0:07:59]} 50. b4 {[%clk 0:03:18]}
Kd5 {[%clk 0:07:59]} 51. Nb8 {[%clk 0:03:18]} Kc4 {[%clk 0:07:59]} 52. Nxa6
{[%clk 0:03:11]} Kb3 {[%clk 0:07:59]} 53. Kf2 {[%clk 0:03:11]} Kxa3 {[%clk
0:07:59]} 54. Kf3 {[%clk 0:03:04]} 1-0

[Event "Campeonato de España Rapid 2017"]
[Site "Linares"]
[Date "2017.08.13"]
[Round "6"]
[White "Vazquez Igarza, Renier"]
[Black "Volkov, Sergey"]
[Result "1/2-1/2"]
[Board "1"]
[WhiteTitle "GM"]
[WhiteElo "2602"]
[WhiteCountry "ESP"]
[WhiteFideId "3503054"]
[BlackTitle "GM"]
[BlackElo "2592"]
[BlackCountry "RUS"]
[BlackFideId "4122763"]

1. d4 {[%clk 0:15:09]} d5 {[%clk 0:15:08]} 2. c4 {[%clk 0:15:12]} c6 {[%clk
0:15:11]} 3. Nf3 {[%clk 0:15:15]} Nf6 {[%clk 0:15:12]} 4. e3 {[%clk 0:15:12]} Bf5
{[%clk 0:15:14]} 5. Nc3 {[%clk 0:15:07]} e6 {[%clk 0:15:17]} 6. Bd3 {[%clk
0:14:31]} Bxd3 {[%clk 0:15:13]} 7. Qxd3 {[%clk 0:14:35]} Bb4 {[%clk 0:14:35]} 8.
Bd2 {[%clk 0:14:34]} a5 {[%clk 0:14:35]} 9. O-O {[%clk 0:14:31]} O-O {[%clk
0:14:13]} 10. a3 {[%clk 0:14:28]} Bxc3 {[%clk 0:14:08]} 11. Bxc3 {[%clk 0:13:51]}
Nbd7 {[%clk 0:13:00]} 12. a4 {[%clk 0:12:29]} Ne4 {[%clk 0:12:45]} 13. b3 {[%clk
0:12:04]} Nxc3 {[%clk 0:12:03]} 14. Qxc3 {[%clk 0:11:43]} Qe7 {[%clk 0:11:55]}
15. Rfd1 {[%clk 0:11:16]} Rfc8 {[%clk 0:10:23]} 16. Rac1 {[%clk 0:11:17]} h6
{[%clk 0:10:14]} 17. Ne1 {[%clk 0:10:48]} Nf6 {[%clk 0:09:55]} 18. Nd3 {[%clk
0:10:41]} Ne4 {[%clk 0:09:57]} 19. Qc2 {[%clk 0:10:35]} Rd8 {[%clk 0:09:44]} 20.
f3 {[%clk 0:10:26]} Nd6 {[%clk 0:09:43]} 21. Qc3 {[%clk 0:10:11]} Nf5 {[%clk
0:09:08]} 22. Nf4 {[%clk 0:09:30]} Qg5 {[%clk 0:08:41]} 23. Kf2 {[%clk 0:08:49]}
Qh4+ {[%clk 0:08:30]} 24. Kg1 {[%clk 0:08:52]} Qg5 {[%clk 0:08:33]} 25. Kf2
{[%clk 0:08:54]} Qh4+ {[%clk 0:08:35]} 26. Kg1 {[%clk 0:08:57]} Qg5 {[%clk
0:08:29]} 1/2-1/2

[Event "Campeonato de España Rapid 2017"]
[Site "Linares"]
[Date "2017.08.13"]
[Round "6"]
[White "Alsina Leal, Daniel"]
[Black "Anton Guijarro, David"]
[Result "0-1"]
[Board "2"]
[WhiteTitle "GM"]
[WhiteElo "2531"]
[WhiteCountry "ESP"]
[WhiteFideId "2252627"]
[WhiteEloChange "-3"]
[BlackTitle "GM"]
[BlackElo "2715"]
[BlackCountry "ESP"]
[BlackFideId "2285525"]
[BlackEloChange "3"]

1. e4 {[%clk 0:15:08]} g6 {[%clk 0:15:07]} 2. d4 {[%clk 0:15:10]} Bg7 {[%clk
0:15:10]} 3. Nc3 {[%clk 0:15:12]} c6 {[%clk 0:15:14]} 4. h3 {[%clk 0:15:14]} d6
{[%clk 0:14:55]} 5. Nf3 {[%clk 0:14:48]} Nf6 {[%clk 0:14:54]} 6. a4 {[%clk
0:14:44]} O-O {[%clk 0:14:52]} 7. Be3 {[%clk 0:14:35]} Nbd7 {[%clk 0:14:46]} 8.
a5 {[%clk 0:14:38]} e5 {[%clk 0:14:40]} 9. dxe5 {[%clk 0:14:39]} dxe5 {[%clk
0:14:43]} 10. Nd2 {[%clk 0:14:40]} Qe7 {[%clk 0:14:07]} 11. Nc4 {[%clk 0:14:38]}
Ne8 {[%clk 0:11:39]} 12. Be2 {[%clk 0:12:27]} f5 {[%clk 0:11:19]} 13. f3 {[%clk
0:11:18]} Ndf6 {[%clk 0:09:48]} 14. Qd2 {[%clk 0:10:44]} Nh5 {[%clk 0:08:52]} 15.
exf5 {[%clk 0:07:20]} Ng3 {[%clk 0:08:43]} 16. Rg1 {[%clk 0:06:47]} Nxf5 {[%clk
0:08:26]} 17. O-O-O {[%clk 0:06:11]} b5 {[%clk 0:06:12]} 18. Nxb5 {[%clk
0:02:43]} Nxe3 {[%clk 0:03:14]} 19. Nxe3 {[%clk 0:02:44]} Bh6 {[%clk 0:03:17]}
20. Na3 {[%clk 0:02:39]} Be6 {[%clk 0:02:40]} 21. Bc4 {[%clk 0:02:33]} Nc7 {[%clk
0:02:37]} 22. Kb1 {[%clk 0:02:09]} Rab8 {[%clk 0:02:37]} 23. Qc3 {[%clk 0:01:16]}
Bg7 {[%clk 0:02:36]} 24. Bxe6+ {[%clk 0:00:26]} Nxe6 {[%clk 0:02:40]} 25. Qxc6
{[%clk 0:00:17]} Nd4 {[%clk 0:01:34]} 26. Qd5+ {[%clk 0:00:20]} Kh8 {[%clk
0:01:39]} 27. Nac4 {[%clk 0:00:17]} Ne2 {[%clk 0:01:21]} 28. Qd6 {[%clk 0:00:06]}
Qxd6 {[%clk 0:01:14]} 29. Nxd6 {[%clk 0:00:09]} e4 {[%clk 0:01:18]} 30. Ndc4
{[%clk 0:00:07]} exf3 {[%clk 0:01:12]} 31. gxf3 {[%clk 0:00:09]} Nxg1 {[%clk
0:01:15]} 32. Rxg1 {[%clk 0:00:13]} Rxf3 {[%clk 0:01:18]} 33. Nd5 {[%clk
0:00:07]} Rxh3 {[%clk 0:01:19]} 34. Re1 {[%clk 0:00:06]} Rh4 {[%clk 0:01:16]} 35.
Nde3 Re4 {[%clk 0:01:12]} 36. Rd1 {[%clk 0:00:09]} Bxb2 {[%clk 0:01:06]} 37. Nxb2
{[%clk 0:00:06]} Rxe3 {[%clk 0:01:09]} 38. Rd7 {[%clk 0:00:10]} Re5 {[%clk
0:00:55]} 0-1

[Event "Campeonato de España Rapid 2017"]
[Site "Linares"]
[Date "2017.08.13"]
[Round "6"]
[White "Narciso Dublan, Marc"]
[Black "Iturrizaga Bonelli, Eduardo"]
[Result "0-1"]
[Board "4"]
[WhiteTitle "GM"]
[WhiteElo "2516"]
[WhiteCountry "ESP"]
[WhiteFideId "2201500"]
[WhiteEloChange "-3"]
[BlackTitle "GM"]
[BlackElo "2647"]
[BlackCountry "VEN"]
[BlackFideId "3901211"]
[BlackEloChange "3"]

1. d4 {[%clk 0:15:08]} Nf6 {[%clk 0:15:07]} 2. c4 {[%clk 0:15:11]} e6 {[%clk
0:15:10]} 3. Nc3 {[%clk 0:15:15]} Bb4 {[%clk 0:15:13]} 4. f3 {[%clk 0:15:18]} c5
{[%clk 0:14:33]} 5. d5 {[%clk 0:15:21]} O-O {[%clk 0:14:34]} 6. e4 {[%clk
0:15:25]} b5 {[%clk 0:14:38]} 7. e5 {[%clk 0:15:08]} Ne8 {[%clk 0:14:25]} 8. f4
{[%clk 0:15:09]} d6 {[%clk 0:14:17]} 9. Nf3 {[%clk 0:15:02]} dxe5 {[%clk
0:14:07]} 10. fxe5 {[%clk 0:15:03]} exd5 {[%clk 0:14:08]} 11. cxd5 {[%clk
0:14:58]} Bb7 {[%clk 0:14:04]} 12. d6 {[%clk 0:14:13]} c4 {[%clk 0:11:12]} 13.
Bd2 {[%clk 0:09:45]} Nd7 {[%clk 0:10:55]} 14. Be2 {[%clk 0:09:07]} Nxe5 {[%clk
0:08:58]} 15. Nxe5 {[%clk 0:08:07]} Bxg2 {[%clk 0:09:01]} 16. Kf2 {[%clk
0:07:47]} Bxh1 {[%clk 0:07:59]} 17. Qxh1 {[%clk 0:07:50]} Qf6+ {[%clk 0:07:15]}
18. Qf3 {[%clk 0:06:00]} Qxe5 {[%clk 0:06:26]} 19. Qxa8 {[%clk 0:05:55]} Nxd6
{[%clk 0:06:28]} 20. Qf3 {[%clk 0:05:07]} Qxh2+ {[%clk 0:05:09]} 21. Qg2 {[%clk
0:05:07]} Qe5 {[%clk 0:05:00]} 22. Qh3 {[%clk 0:04:00]} Bc5+ {[%clk 0:03:52]} 23.
Kf1 {[%clk 0:03:44]} Qd4 {[%clk 0:03:54]} 24. Qg3 {[%clk 0:02:18]} Qxd2 {[%clk
0:03:55]} 25. Rd1 {[%clk 0:02:22]} Qh6 {[%clk 0:03:19]} 26. Bg4 {[%clk 0:00:32]}
Ne4 {[%clk 0:02:32]} 27. Qg2 {[%clk 0:00:10]} Qf4+ {[%clk 0:02:18]} 0-1

[Event "Campeonato de España Rapid 2017"]
[Site "Linares"]
[Date "2017.08.13"]
[Round "6"]
[White "Rubio Mejia, Luis Ignacio"]
[Black "Fedorchuk, Sergey A."]
[Result "0-1"]
[Board "5"]
[WhiteTitle "IM"]
[WhiteElo "2437"]
[WhiteCountry "ESP"]
[WhiteFideId "2281228"]
[WhiteEloChange "-2"]
[BlackTitle "GM"]
[BlackElo "2678"]
[BlackCountry "UKR"]
[BlackFideId "14102536"]
[BlackEloChange "2"]

1. d4 {[%clk 0:15:08]} Nf6 {[%clk 0:13:33]} 2. c4 {[%clk 0:15:09]} e6 {[%clk
0:13:37]} 3. Nc3 {[%clk 0:15:11]} Bb4 {[%clk 0:13:40]} 4. Qc2 {[%clk 0:15:13]} d6
{[%clk 0:13:40]} 5. Nf3 {[%clk 0:15:07]} O-O {[%clk 0:13:32]} 6. a3 {[%clk
0:13:24]} Bxc3+ {[%clk 0:13:31]} 7. Qxc3 {[%clk 0:13:27]} b6 {[%clk 0:13:33]} 8.
g3 {[%clk 0:13:22]} Bb7 {[%clk 0:13:37]} 9. Bg2 {[%clk 0:13:26]} Nbd7 {[%clk
0:13:20]} 10. O-O {[%clk 0:13:12]} c5 {[%clk 0:13:21]} 11. b3 {[%clk 0:11:48]}
Rc8 {[%clk 0:13:21]} 12. Bb2 {[%clk 0:10:24]} d5 {[%clk 0:13:18]} 13. Rfd1 {[%clk
0:06:55]} dxc4 {[%clk 0:12:32]} 14. Qxc4 {[%clk 0:06:34]} Bd5 {[%clk 0:12:18]}
15. Qd3 {[%clk 0:06:01]} Be4 {[%clk 0:11:44]} 16. Qd2 {[%clk 0:04:15]} cxd4
{[%clk 0:11:05]} 17. Nxd4 {[%clk 0:02:47]} Bxg2 {[%clk 0:10:49]} 18. Kxg2 {[%clk
0:02:51]} Nc5 {[%clk 0:10:53]} 19. b4 {[%clk 0:02:36]} Na4 {[%clk 0:10:34]} 20.
f3 {[%clk 0:01:54]} Nd5 {[%clk 0:10:06]} 21. Kg1 {[%clk 0:01:44]} Ndc3 {[%clk
0:08:43]} 22. Bxc3 {[%clk 0:01:45]} Nxc3 {[%clk 0:08:47]} 23. Re1 {[%clk
0:01:42]} Qd5 {[%clk 0:08:51]} 24. e4 {[%clk 0:01:18]} Qc4 {[%clk 0:08:53]} 25.
Ne2 {[%clk 0:00:41]} Rfd8 {[%clk 0:07:55]} 26. Qxc3 {[%clk 0:00:43]} Qxc3 {[%clk
0:07:58]} 27. Nxc3 {[%clk 0:00:47]} Rxc3 {[%clk 0:08:02]} 28. Red1 {[%clk
0:00:49]} Rxd1+ {[%clk 0:07:52]} 29. Rxd1 {[%clk 0:00:52]} g5 {[%clk 0:07:56]}
30. Kg2 {[%clk 0:00:36]} Rxa3 {[%clk 0:07:59]} 31. Rd7 {[%clk 0:00:39]} Kg7
{[%clk 0:07:54]} 32. f4 {[%clk 0:00:36]} gxf4 {[%clk 0:07:42]} 33. gxf4 {[%clk
0:00:39]} h5 {[%clk 0:07:45]} 34. h4 {[%clk 0:00:24]} Re3 {[%clk 0:07:40]} 35. e5
{[%clk 0:00:27]} Ra3 {[%clk 0:07:28]} 36. f5 {[%clk 0:00:23]} exf5 {[%clk
0:06:25]} 37. e6 {[%clk 0:00:27]} Kf6 {[%clk 0:06:28]} 38. exf7 {[%clk 0:00:22]}
Kg7 {[%clk 0:06:32]} 39. b5 {[%clk 0:00:16]} f4 {[%clk 0:06:26]} 40. Rc7 {[%clk
0:00:09]} Kf8 {[%clk 0:06:28]} 41. Rd7 {[%clk 0:00:11]} Kg7 {[%clk 0:05:27]} 42.
Rc7 {[%clk 0:00:13]} Ra5 {[%clk 0:05:19]} 43. Kf3 {[%clk 0:00:09]} Rxb5 {[%clk
0:05:23]} 44. Rxa7 {[%clk 0:00:04]} Rf5 {[%clk 0:05:27]} 45. Rb7 b5 {[%clk
0:05:27]} 46. Kg2 0-1